Normal view
MARC view
- Rehna M
Entry Personal Name
001 - CONTROL NUMBER
- control field: 3455
003 - CONTROL NUMBER IDENTIFIER
- control field: OSt
005 - DATE AND TIME OF LATEST TRANSACTION
- control field: 20180929123759.0
008 - FIXED-LENGTH DATA ELEMENTS
- fixed length control field: 180929|| aca||aabn | a|a d
040 ## - CATALOGING SOURCE
- Original cataloging agency: OSt
- Transcribing agency: OSt
100 ## - HEADING--PERSONAL NAME
- Personal name: Rehna M
670 ## - SOURCE DATA FOUND
- Source citation: Work cat.: (OSt)15151: PRAVEENA K. K 3454, Soil erosion studies on micro plots
